00437nam a22001577a 450000500170000001000150001702000260003203500140005803700130007208200060008510000250009124500610011626000370017727000440021430000210025820190701095708.0 aENG-125837 a9788178245430c495.00 aEN-109369 bDBAD/PUB aN aRaghuvanshi, Neelesh aThe girl with questioning eyes /cby Neelesh Raghuvanshi aRanikhetbPermanent Black c2019 aHimalayana, Mall RoadbRanikhete263645 a337p.c22cm(pbk)